00561nam a2200181Ia 450000500170000000800410001702000290005804000140008708200160010110000260011724500490014326000590019230000440025150400180029550500200031352100100033370000360034320230214093030.0220701s9999 xx 000 0 und d a9780702197574qPaperback aOCLCcRDA a624.18 VANA avan AMSTERDAM, ERROL  0aConstruction Materials for Civil Engineering aCape Town, South Africa:bJuta & Company Ltd,c©2013. axiii, 289 Pages;bIllustrations,c24 cm aInclude index aAccompanying CD aAdult aEdited by: Jenny de WeteEditor